College Quizbowl Stats
College Quizbowl Stats
Circuits
Seasons
Sets
Records
Detailed Stats
About
Loading...
2024 ACF Winter at Northwestern
Tossups
Bonuses
Players
Teams
Categories (Tossup)
Categories (Bonus)
Samson Vickrey
Purdue D
Categories
Category
Powers
Gets
Negs
BBs
Points
Earliest Buzz
Avg. Buzz
First Buzzes
Top 3 Buzzes
Fine Arts - Classical Music
0
2
1
0
15
122
122.00
0
0
Literature - British Literature
0
1
0
0
10
112
112.00
0
0
Mythology
0
1
0
0
10
78
78.00
0
0
Pop Culture
0
1
0
0
10
42
42.00
0
1
Religion
0
0
1
0
-5
0.00
0
0
Buzzes
Category
Answer
Value
Buzz Position
Pop Culture
Mormons
10
42
Mythology
Hecate
10
78
Fine Arts - Classical Music
Gustav Holst
-5
100
Literature - British Literature
Dr. John H. Watson
10
112
Fine Arts - Classical Music
human voice
10
122
Fine Arts - Classical Music
human voice
10
122
Religion
Jerusalem
-5
128
Mythology
Huitzilopochtli
0
136
Previous
1
Next